000 00434nam a2200193Ia 4500
005 20240823051607.0
008 240823s9999||||xx |||||||||||||| ||und||
020 _a81-7522-185-2
041 _aENGLISH
082 _A757 N8
100 _aRabindranath Tagore
245 0 _aPoets to a Poet
250 _a1st
260 _c1998
_bVisva Bh
500 _aTRANSFERED
650 _aGeneral
_bGeneral
942 _cBK
999 _c219936
_d219936